| 000 | 01041nam a2200229Ia 4500 | ||
|---|---|---|---|
| 003 | OSt | ||
| 005 | 20201022170957.0 | ||
| 008 | 191128s2010 ck aodbgr 000 0 spa d | ||
| 040 |
_aCO-JMCR _cCO-JMCR |
||
| 041 | 0 | _aspa | |
| 082 | 0 | 4 |
_a986.117 / _bF852d _223 |
| 110 | 1 |
_aFundación Cerrejón para el Fortalecimiento Institucional de la Guajira _911858 |
|
| 245 | 1 | 3 |
_aEl departamento de la Guajira : _bfrente a los objetivos de desarrollo del milenio / _cFundación Cerrejón para el Fortalecimiento Institucional de la Guajira |
| 260 |
_aRiohacha : _bFundación Cerrejón ; _c2010 |
||
| 300 |
_a113 páginas : _bfotografías, gráficos y mapas a color ; _c29 cm. |
||
| 500 | _aIncluye notas a pie de página. | ||
| 504 | _aBibliografía: páginas 108-113. | ||
| 505 | 0 | _aContexto socioeconómico del Departamento de la Guajira -- La Guajira frente a los objetivos de desarrollo del milenio | |
| 650 | 1 | 4 |
_aHistoria económica Colombiana _910913 |
| 651 | 4 |
_aLa Guajira (Colombia) _xaspecto socioeconómico _911859 |
|
| 942 |
_2ddc _cBK |
||
| 999 |
_c6290 _d6290 |
||